000
00340 a2200157 4500
001
189265
020
_a
978-85-86218-69-9
040
_c
Magnum
100
_a
Silva, Flávia Lins e
240
1
0
_a
Mururu no amazonas
_l
por
245
1
0
_a
Mururu no amazonas
300
_a
83
362
0
_a
2010
697
_a
LITERATURA JUVENIL
942
_c
BK
999
_c
189265
_d
189265